000 01251nam a22003617a 4500
003 CHAP
005 20220329133506.0
008 971013s1993 r 00010 d
010 _a7014
011 _a7986
035 _a7211
040 _cCHAP
090 _aTesis
100 0 0 _aCarrillo Lara, Lorenzo Martín.
_919505
245 _aValor nutritivo del sorgo blanco (variedad "Blanco 86") sin taninos en la alimentación de pollos de engorda
260 _aChapingo, Méx. :
_bEl autor,
_c1993
300 _a59 h
502 _aTesis (Ing. Agr. Esp. en Zootecnia) -- UACH. Departamento de Zootecnia
590 _aALEPH
_b10
_c20130110
_lUCH01
_h1220
590 _aBATCH-UPD
_b10
_c20130110
_lUCH01
_h1706
590 _aBATCH-UPD
_b10
_c20130410
_lUCH01
_h1053
590 _aBATCH-UPD
_b10
_c20130914
_lUCH01
_h0440
590 _aBATCH-UPD
_b10
_c20130914
_lUCH01
_h2030
590 _aCONVERSION
_b10
_c20130109
_lUCH01
_h1305
650 1 4 _aAves de corral
_xAlimentación.
_98638
650 1 4 _aAves de corral
_xEngorda.
_98647
650 1 4 _aSorgo
_xValor nutritivo.
_9108733
650 1 4 _aSorgo
_xVariedades.
_9108734
700 0 _aAndrade Acosta, Jose Guadalupe.
_95634
901 _aBK
942 _cTESIS
949 _bBC
_cTES
_d-17030
_eTS1
_h26210
_i7211
_si
999 _c7014
_d7014